| 000 | 01043pam a2200313 a 4500 | ||
|---|---|---|---|
| 001 | 4431543 | ||
| 003 | OSt | ||
| 005 | 20140310182249.0 | ||
| 008 | 940216r1994 nyu 000 1 eng | ||
| 010 | _a 94004783 | ||
| 020 |
_a0679436448 : _c$24.00 |
||
| 040 |
_aDLC _cDLC _dDLC |
||
| 043 | _ae-gr--- | ||
| 050 | 0 | 0 |
_aPR 6054 _b.Ei32C6 1994 |
| 082 | 0 | 0 |
_aFIC _bD35c 1994 |
| 100 | 1 |
_aDe Bernières, Louis. _919778 |
|
| 245 | 1 | 0 |
_aCorelli's mandolin / _cLouis De Bernières. |
| 250 | _a1st American ed. | ||
| 260 |
_aNew York : _bPantheon Books, _cc1994. |
||
| 300 |
_a437 p. : _c18 cm. |
||
| 541 | _j1 | ||
| 650 | 0 |
_aWorld War, 1939-1945 _zGreece _zCephalonia Island _vFiction. _919779 |
|
| 651 | 0 |
_aCephalonia Island (Greece) _vFiction. _919780 |
|
| 655 | 7 |
_aHistorical fiction. _2gsafd _92926 |
|
| 655 | 7 |
_aWar stories. _2gsafd _94878 |
|
| 906 |
_a7 _bcbc _corignew _d1 _eocip _f19 _gy-gencatlg |
||
| 942 |
_2lcc _cBK-FIC _kFIC |
||
| 999 |
_c11315 _d11315 |
||